| 000 | 01585nam0a22003251 4500 | ||
|---|---|---|---|
| 001 | v19\rc\1644692 | ||
| 005 | 20061002130024.5 | ||
| 035 | _a(NLR Aleph) 004694060 | ||
| 090 |
_a3974728 _c3974728 |
||
| 100 | _a20061002e18861886|||y0rusy50 ca | ||
| 101 | 0 | _arus | |
| 102 | _aRU | ||
| 105 | _ay z ||||| | ||
| 200 | 1 |
_aРаспространение теоремы Кирхгофа на случай кристаллической среды _eСообщ. Г.Н. Шебуева, чит. 30 сент. 1886 г. в 59 заседании Секции физ.-мат. наук О-ва естествоиспытателей при Казан. ун-те |
|
| 210 |
_aКазань _cтип. Ун-та _d1886 |
||
| 215 |
_a18 с. _d27 |
||
| 309 | _aБез тит. л. и обл. | ||
| 311 | _aОтт. из "Протоколов заседаний Секции физ.-мат. наук О-ва естествоиспытателей при Казан. ун-те". 1886, т. 4 | ||
| 488 | 0 | _12001#$aПротоколы заседаний Секции физико-математических наук Общества естествоиспытателей при Казанском университете$v1886, т. 4 | |
| 700 | 1 |
_aШебуев _bГ. Н. _f1850-1900 _gГеоргий Николаевич |
|
| 702 | 1 |
_aКирхгоф _4570 |
|
| 801 | 0 |
_aRU _bNLR _gpsbo |
|
| 801 | 0 |
_aRU _bRuMoRGB _2psbo |
|
| 801 | 1 |
_aRU _bProSoft-M _2rusmarc |
|
| 852 |
_aNLR _j18.310.1.38 |
||
| 899 |
_aRuMoRGB _jF 98/166 |
||
| 899 |
_aRuMoRGB _jF 47/31 |
||
| 899 | _aНБ МГУ | ||
| 942 | _cBOOK | ||
| 980 | _aNB | ||